| 000 | 00493 a2200193 4500 | ||
|---|---|---|---|
| 999 |
_c534356 _d534356 |
||
| 003 | NUST | ||
| 005 | 20200217162613.0 | ||
| 008 | 200217b ||||| |||| 00| 0 eng d | ||
| 020 | _a9695190081 | ||
| 038 | _aMSOHAIL | ||
| 082 | _a297.4 | ||
| 100 |
_aChittick,William C. _9175 |
||
| 245 |
_aFaith and Practice of Islam. _cWilliam C.Chittick. |
||
| 250 | _a1st | ||
| 260 |
_aLahore. _bSuhail Academy. _c2000. |
||
| 300 | _a320p. | ||
| 500 | _aHardcover. | ||
| 942 |
_aNBS _cBK _k297.4 CHI _2ddc |
||